| 000 | 01060 a2200241 4500 | ||
|---|---|---|---|
| 003 | Nust | ||
| 005 | 20220720135658.0 | ||
| 020 | _a0-471-98277-6 ; | ||
| 040 | _cNust | ||
| 082 | _a003.54,BOS | ||
| 100 | 1 |
_aBossert, Martin _994025 |
|
| 245 | 1 | 0 |
_aChannel coding for telecommunications / _cMartin Bossert |
| 260 |
_aChichester : _bWiley, _ccop. 1999 |
||
| 300 |
_a496p .: _bill. ; _c26cm |
||
| 505 | _aFundamentals (Page-1), Galois Fields (Page-25), Reed-Solomon Codes (Page-45), BCH Codes (Page-81), Other Classes of Codes (Page-95), The Trellis Representation and Properties of Block Codes (Page 117), Decoding of Block Codes (Page-143), Convolutional Codes (Page-201), Generalized Code Concatenation (Page-287), Coded Modulation (Page-391). | ||
| 650 | 4 |
_aCoding (Telecommunication engineering) _994026 |
|
| 650 | 4 |
_aCoding theory _93106 |
|
| 650 | 4 |
_aKodning (Teleteknik) _994027 |
|
| 650 | 4 |
_aKodningsteori _993998 |
|
| 650 | 4 |
_aKodteori _xtill䭰ad matematik _994028 |
|
| 650 | 4 |
_aKodteori _xtill䭰ad matematik _994028 |
|
| 942 |
_2ddc _cREF _k003.54,BOS |
||
| 999 |
_c190910 _d190910 |
||